| 000 | 00670nam a2200229 a 4500 | ||
|---|---|---|---|
| 999 |
_c1551 _d1551 |
||
| 001 | 1551 | ||
| 003 | BD-JhCC | ||
| 005 | 20181006103423.0 | ||
| 008 | 171021s2000 bg |||| ||a| 000 0 ben d | ||
| 020 | _a9844101743 | ||
| 035 | _a(BD-JhCC)1551 | ||
| 040 |
_aBD-JhCC _dBD-JhCC |
||
| 041 | _aben | ||
| 082 |
_a330.9 _bUNU 2000 |
||
| 100 | _aইউনূস, মুহাম্মদ | ||
| 245 |
_aবাংলাদেশ ২০১০ / _cমুহাম্মদ ইউনূস, |
||
| 260 |
_aঢাকা : _bমাওলা ব্রাদার্স, _c2000 |
||
| 300 |
_a78 p. : _c24 cm. |
||
| 650 | _aEconomic Condition | ||
| 942 |
_2ddc _cBK |
||